[Event "4NCL Division 1d"]
[Site "Hinckley Island ENG"]
[Date "2014.05.05"]
[Round "11.185"]
[White "Greet, Andrew N"]
[Black "Franklin, Samuel GA"]
[Result "1/2-1/2"]
[WhiteElo "2435"]
[BlackElo "2294"]
[PlyCount "75"]
[EventDate "2014.05.05"]
[WhiteTeam "Wood Green HK 2"]
[BlackTeam "Barbican 4NCL 1"]

1. d4 Nf6 2. c4 g6 3. g3 Bg7 4. Bg2 O-O 5. Nc3 d6 6. Nf3 Nc6 7. O-O Rb8 8. h3
a6 9. e4 b5 10. cxb5 axb5 11. Re1 e6 12. Qc2 b4 13. Ne2 Bb7 14. Nf4 Ne7 15. Bd2
Qd7 16. Rac1 Rfc8 17. e5 Nfd5 18. Nd3 Qb5 19. Qb3 Ba6 20. Bf1 Qb6 21. Rc2 Nc6
22. Nf4 Bxf1 23. Nxd5 exd5 24. Kxf1 Nxd4 25. Nxd4 Qxd4 26. exd6 cxd6 27. Rxc8+
Rxc8 28. Bxb4 Qc4+ 29. Re2 Qa6 30. Qxd5 Bxb2 31. Qd2 Be5 32. Kg2 h5 33. a4 Qc6+
34. f3 Qc4 35. Qe3 Bd4 36. Qd2 Be5 37. Qe3 Bd4 38. Qd2 1/2-1/2

[Event "4NCL Division 1d"]
[Site "Hinckley Island ENG"]
[Date "2014.05.05"]
[Round "11.186"]
[White "Knott, Simon JB"]
[Black "Arakhamia-Grant, Ketevan E"]
[Result "1/2-1/2"]
[WhiteElo "2325"]
[BlackElo "2392"]
[PlyCount "62"]
[EventDate "2014.05.05"]
[WhiteTeam "Barbican 4NCL 1"]
[BlackTeam "Wood Green HK 2"]

1. Nf3 c5 2. c4 Nc6 3. Nc3 e5 4. e3 Nf6 5. d4 e4 6. Ne5 h5 7. f3 cxd4 8. exd4
Bb4 9. Be2 Qa5 10. Nxc6 bxc6 11. O-O Bxc3 12. bxc3 O-O 13. Qc2 d5 14. Bg5 Nh7
15. Be7 Re8 16. Bb4 Qc7 17. cxd5 cxd5 18. fxe4 dxe4 19. Bxh5 Nf6 20. Rxf6 gxf6
21. Qf2 a5 22. Bc5 Ra6 23. Be2 e3 24. Qh4 Rc6 25. Rf1 f5 26. Rf3 Rg6 27. Rh3
Kg7 28. Qh7+ Kf6 29. Qh4+ Kg7 30. Qh7+ Kf6 31. Qh4+ Kg7 1/2-1/2

[Event "4NCL Division 1d"]
[Site "Hinckley Island ENG"]
[Date "2014.05.05"]
[Round "11.187"]
[White "Bellon Lopez, Juan M"]
[Black "Sanders, Isaac B"]
[Result "1-0"]
[WhiteElo "2399"]
[BlackElo "2276"]
[PlyCount "85"]
[EventDate "2014.05.05"]
[WhiteTeam "Wood Green HK 2"]
[BlackTeam "Barbican 4NCL 1"]

1. d4 e6 2. Nf3 c5 3. e3 Nf6 4. Bd3 Be7 5. O-O O-O 6. c4 d6 7. b3 Nbd7 8. Bb2
b6 9. Nbd2 Bb7 10. Rc1 Rc8 11. Qe2 cxd4 12. exd4 Re8 13. Ng5 h6 14. f4 Nf8 15.
Ngf3 d5 16. Ne5 Rc7 17. Qe3 Qa8 18. Qg3 Bb4 19. Rcd1 Ne4 20. Bxe4 dxe4 21. a3
Bd6 22. d5 f5 23. dxe6 Rxe6 24. Rfe1 e3 25. Nf1 Bxe5 26. Bxe5 Rg6 27. Qxg6 Nxg6
28. Bxc7 Bc8 29. Rd8+ Kh7 30. Rxe3 Qb7 31. Be5 Be6 32. Rd6 Bf7 33. Nd2 Qc8 34.
Kf2 Nxe5 35. Rxe5 Qc7 36. Rd3 Bh5 37. Nf1 b5 38. c5 Bf7 39. Ne3 Qa5 40. Re7 Bh5
41. Nxf5 Kg6 42. b4 Qa4 43. Ne3 1-0

[Event "4NCL Division 1d"]
[Site "Hinckley Island ENG"]
[Date "2014.05.05"]
[Round "11.188"]
[White "Lauterbach, Ingrid"]
[Black "Hegarty, Sarah N"]
[Result "1/2-1/2"]
[WhiteElo "2101"]
[BlackElo "2094"]
[PlyCount "70"]
[EventDate "2014.05.05"]
[WhiteTeam "Barbican 4NCL 1"]
[BlackTeam "Wood Green HK 2"]

1. e4 c5 2. Nf3 d6 3. Bb5+ Bd7 4. Bxd7+ Qxd7 5. c4 Nf6 6. Nc3 g6 7. O-O Bg7 8.
d4 cxd4 9. Nxd4 O-O 10. f3 Rc8 11. b3 d5 12. exd5 Nxd5 13. Nxd5 e6 14. Rb1 exd5
15. cxd5 Qxd5 16. Be3 Re8 17. Bf2 Na6 18. a4 Rad8 19. Nb5 Qh5 20. Qc1 Rc8 21.
Qd2 Rcd8 22. Qc1 Nb4 23. Bxa7 Nd3 24. Qc4 Be5 25. f4 Nxf4 26. Rxf4 Bxf4 27.
Qxf4 Rd1+ 28. Rxd1 Qxd1+ 29. Kf2 Qxb3 30. Be3 Qc2+ 31. Kf3 Qd1+ 32. Kf2 Qc2+
33. Kf3 Qc6+ 34. Kf2 Qc2+ 35. Kf3 Qd1+ 1/2-1/2